Come to me and rest (Record no. 119300)
[ view plain ]
| 000 -LEADER | |
|---|---|
| fixed length control field | 00395nam a22001337a 4500 |
| 005 - DATE AND TIME OF LATEST TRANSACTION | |
| control field | 20131217125017.0 |
| 008 - FIXED-LENGTH DATA ELEMENTS--GENERAL INFORMATION | |
| fixed length control field | 131217b xxu||||| |||| 00| 0 eng d |
| 050 ## - LIBRARY OF CONGRESS CALL NUMBER | |
| Classification number | BT732.7 |
| Item number | N337 2012 |
| 100 ## - MAIN ENTRY--PERSONAL NAME | |
| Personal name | Ncube, Raphael Mabuza |
| 9 (RLIN) | 5817 |
| 245 ## - TITLE STATEMENT | |
| Title | Come to me and rest |
| Statement of responsibility, etc | Ncube, Raphael Mabuza |
| 260 ## - PUBLICATION, DISTRIBUTION, ETC. (IMPRINT) | |
| Place of publication, distribution, etc | Plumtree |
| Name of publisher, distributor, etc | ILIzwi Publications |
| Date of publication, distribution, etc | 2012 |
| 300 ## - PHYSICAL DESCRIPTION | |
| Extent | x, 111p.; |
| Dimensions | 24cm. |
| 942 ## - ADDED ENTRY ELEMENTS (KOHA) | |
| Source of classification or shelving scheme | Library of Congress Classification |
| Item type | Monograph ( Printed materials) |
| Withdrawn status | Lost status | Source of classification or shelving scheme | Damaged status | Not for loan | Collection code | Home library | Current library | Shelving location | Date acquired | Total Checkouts | Full call number | Barcode | Date last seen | Price effective from | Koha item type |
|---|---|---|---|---|---|---|---|---|---|---|---|---|---|---|---|
| Library of Congress Classification | Main Collection | ARRUPE LIBRARY | ARRUPE LIBRARY | Main Collection | 17/12/2013 | BT732.7 N337 2012 | 46411744 | 01/12/2016 | 17/12/2013 | Monograph ( Printed materials) | |||||
| Library of Congress Classification | Main Collection | ARRUPE LIBRARY | ARRUPE LIBRARY | Main Collection | 07/02/2014 | BT732.7 N337 2012 | 464123459 | 01/12/2016 | 07/02/2014 | Monograph ( Printed materials) |